[Event "N�_LL 2008/09"]
[Site "?"]
[Date "2009.02.22"]
[Round "10"]
[White "Sadilek, Peter"]
[Black "Ponjican, Erich"]
[Result "1-0"]
[WhiteElo "2167"]
[BlackElo "2117"]
[Annotator "Bisamberg/Korneuburg : Mauerbach"]
[PlyCount "139"]
[EventDate "2008.11.10"]
[SourceDate "2009.03.01"]

1. d4 d5 2. c4 c6 3. Nf3 Nf6 4. Nc3 dxc4 5. g3 b5 6. Bg2 Bb7 7. Ne5 Qb6 8. O-O
e6 9. b3 cxb3 10. Qxb3 Nbd7 11. Nd3 a6 12. a4 b4 13. a5 Qxd4 14. Na4 Qxa1 15.
Bb2 Qxf1+ 16. Kxf1 Bd6 17. Nxb4 Rb8 18. Qc4 Bxb4 19. Qxb4 c5 20. Qc4 Bxg2+ 21.
Kxg2 Rb5 22. Bc3 O-O 23. e4 Rc8 24. Nb2 h6 25. Nd3 Ne8 26. Nf4 Rc6 27. Qd3 Rd6
28. Qf3 e5 29. Nd5 Kf8 30. Qf5 g6 31. Qh3 Kg7 32. Bd2 h5 33. Bc3 Nef6 34. Nxf6
Kxf6 35. g4 hxg4 36. Qh4+ Kg7 37. Qe7 Rd3 38. Bxe5+ Nxe5 39. Qxe5+ Kg8 40. Qc7
Kg7 41. e5 Rf3 42. e6 Rb4 43. e7 Re4 44. Qd8 Re2 45. e8=N+ Kh7 46. Nf6+ Kg7 47.
Nxg4 Rf5 48. Qd3 Re6 49. Qc3+ Kh7 50. Ne3 Rg5+ 51. Kf1 Rh5 52. Nc4 Kg8 53. Nb6
Rxh2 54. Qxc5 Rf6 55. Nd5 Rfxf2+ 56. Qxf2 Rxf2+ 57. Kxf2 Kf8 58. Ke3 Ke8 59.
Kd4 Kd7 60. Kc5 f5 61. Kb6 g5 62. Kxa6 f4 63. Kb7 f3 64. a6 f2 65. Ne3 g4 66.
a7 g3 67. a8=Q g2 68. Qc8+ Ke7 69. Qc7+ Kf8 70. Qf4+ 1-0

[Event "N�_LL 2008/09"]
[Site "?"]
[Date "2009.02.22"]
[Round "10"]
[White "Wetscherek, Gerhard"]
[Black "Bechmann, Gerhard"]
[Result "1/2-1/2"]
[WhiteElo "2107"]
[BlackElo "2060"]
[Annotator "Bisamberg/Korneuburg : Mauerbach"]
[PlyCount "105"]
[EventDate "2008.11.10"]
[SourceDate "2009.03.01"]

1. e4 d6 2. d4 g6 3. Bd3 Bg7 4. c3 c5 5. dxc5 dxc5 6. Be3 Qc7 7. Ne2 e6 8. O-O
Nf6 9. h3 O-O 10. Nd2 Rd8 11. Bc2 b6 12. Qe1 Ba6 13. f4 Nc6 14. Rf3 Rd7 15. Nc1
Rad8 16. a4 Na5 17. Na2 Nc4 18. Nxc4 Bxc4 19. e5 Nd5 20. b3 Nxe3 21. Qxe3 Ba6
22. c4 Bb7 23. Rf2 Rd4 24. Nc3 a6 25. Re1 Bf8 26. g4 Bc6 27. f5 exf5 28. gxf5
Be7 29. fxg6 fxg6 30. Ref1 Rf8 31. Ne2 Rh4 32. Rxf8+ Bxf8 33. Rxf8+ Kxf8 34.
Qf2+ Kg7 35. Qxh4 Qxe5 36. Kf2 Qh2+ 37. Ke3 Bg2 38. Qe7+ Kg8 39. Qe6+ Kg7 40.
Qxb6 Qe5+ 41. Kd2 Bf3 42. Bd3 Bxe2 43. Qb7+ Kh6 44. Bxe2 Qb2+ 45. Ke1 Qc3+ 46.
Kf2 Qxh3 47. Bf3 Qh4+ 48. Ke2 Qh2+ 49. Kd3 Qb2 50. Bd1 Qb1+ 51. Ke2 Qb2+ 52.
Kd3 Qb1+ 53. Ke2 1/2-1/2

[Event "N�_LL 2008/09"]
[Site "?"]
[Date "2009.02.22"]
[Round "10"]
[White "Reinwald, Patrick"]
[Black "Tatzmann, Peter"]
[Result "1/2-1/2"]
[WhiteElo "2041"]
[BlackElo "2035"]
[Annotator "Bisamberg/Korneuburg : Mauerbach"]
[PlyCount "48"]
[EventDate "2008.11.10"]
[SourceDate "2009.03.01"]

1. e4 c5 2. d4 cxd4 3. c3 g6 4. Nf3 Bg7 5. Bc4 d3 6. O-O Nc6 7. Qxd3 d6 8. Bf4
Nf6 9. Nbd2 O-O 10. a4 Nd7 11. b4 Nde5 12. Bxe5 Nxe5 13. Nxe5 dxe5 14. Rfd1
Qxd3 15. Bxd3 Be6 16. c4 Rad8 17. Nf3 Bg4 18. c5 Bxf3 19. gxf3 Rd4 20. Rab1 Rc8
21. Bf1 e6 22. Rbc1 Bf8 23. a5 Bh6 24. Rc4 Bd2 1/2-1/2

[Event "N�-LL 2008/09"]
[Site "?"]
[Date "2009.03.08"]
[Round "11"]
[White "Baumegger, Siegfried"]
[Black "Hangweyrer, Manfred"]
[Result "1/2-1/2"]
[WhiteElo "2435"]
[BlackElo "2323"]
[Annotator "Stockerau - Baden"]
[PlyCount "104"]
[EventDate "2009.03.08"]
[SourceDate "2009.03.08"]

1. c4 e5 2. Nc3 Nf6 3. Nf3 Nc6 4. g3 g6 5. d4 exd4 6. Nxd4 Bg7 7. Bg2 O-O 8.
O-O Re8 9. Nc2 d6 10. Bg5 h6 11. Bd2 Rb8 12. b3 a6 13. Rc1 Bd7 14. Nd5 Nxd5 15.
cxd5 Ne7 16. Ne3 Nf5 17. Nxf5 Bxf5 18. Ba5 Rc8 19. Qd2 Qe7 20. e3 Qd7 21. Rc4
c5 22. dxc6 bxc6 23. Bc3 Bxc3 24. Qxc3 d5 25. Rc5 Be4 26. f3 Bf5 27. g4 Be6 28.
Qf6 Qb7 29. Rfc1 Bd7 30. R1c3 Qb4 31. Kf2 Re6 32. Qd4 Qa3 33. Rc2 Rce8 34. e4
R6e7 35. exd5 cxd5 36. Bf1 Bb5 37. Bxb5 axb5 38. Rxd5 Qa5 39. b4 Qa6 40. Rd8
Qe6 41. Rxe8+ Rxe8 42. Kg2 Kh7 43. Rd2 Rc8 44. Qd5 Rc2 45. Kh3 Rxd2 46. Qxd2 h5
47. Kg3 hxg4 48. fxg4 Qe5+ 49. Qf4 Qe1+ 50. Kf3 Qf1+ 51. Ke3 Qc1+ 52. Ke4 Qc4+
1/2-1/2

[Event "N�-LL 2008/09"]
[Site "?"]
[Date "2009.03.08"]
[Round "11"]
[White "Groetz, Harald"]
[Black "Bawart, Markus"]
[Result "1/2-1/2"]
[WhiteElo "2364"]
[BlackElo "2349"]
[Annotator "Stockerau - Baden"]
[PlyCount "25"]
[EventDate "2009.03.08"]
[SourceDate "2009.03.08"]

1. e4 d5 2. exd5 Qxd5 3. Nc3 Qd6 4. d4 Nf6 5. Nf3 Nc6 6. g3 Bg4 7. Bg2 O-O-O 8.
O-O Nxd4 9. Qxd4 Qxd4 10. Nxd4 Rxd4 11. Be3 Rc4 12. Bxa7 e6 13. Rfe1 1/2-1/2

[Event "N�-LL 2008/09"]
[Site "?"]
[Date "2009.03.08"]
[Round "11"]
[White "Geismann, Bernhard"]
[Black "Sadilek, Maximilian"]
[Result "0-1"]
[WhiteElo "2062"]
[BlackElo "2156"]
[Annotator "Stockerau - Baden"]
[PlyCount "50"]
[EventDate "2009.??.??"]

1. e4 e6 2. Nc3 c5 3. f4 a6 4. Nf3 b5 5. Qe2 Bb7 6. g3 Nc6 7. Bg2 Nd4 8. Nxd4
cxd4 9. Nd1 Rc8 10. c3 Bc5 11. b4 Bb6 12. Bb2 dxc3 13. Nxc3 Ne7 14. a4 O-O 15.
axb5 axb5 16. Nxb5 d5 17. Qg4 d4 18. O-O f5 19. exf5 Bxg2 20. Kxg2 Qd5+ 21. Qf3
Qxb5 22. fxe6 Rc2 23. Bc1 Qd5 24. Qxd5 Nxd5 25. Ra6 Ne3+ 0-1

[Event "N�-LL 2008/09"]
[Site "?"]
[Date "2009.03.08"]
[Round "11"]
[White "Schmied, Thomas"]
[Black "Rudolf, Herbert"]
[Result "1/2-1/2"]
[WhiteElo "2188"]
[BlackElo "2097"]
[Annotator "Stockerau - Baden"]
[PlyCount "58"]
[EventDate "2009.??.??"]
[SourceDate "2009.03.08"]

1. e4 d5 2. exd5 Nf6 3. d4 Nxd5 4. Nf3 g6 5. Be2 Bg7 6. O-O O-O 7. Re1 Na6 8.
h3 c5 9. Bxa6 bxa6 10. dxc5 Bb7 11. Qe2 Qc7 12. c4 Nf4 13. Qe3 e5 14. Nc3 Rad8
15. Nd5 Nxd5 16. cxd5 Rxd5 17. Nd2 Rxc5 18. Ne4 Rc4 19. Nc3 Qc6 20. Qg3 f5 21.
f3 Rd8 22. Qf2 e4 23. fxe4 fxe4 24. Be3 Rd3 25. Rad1 Qd7 26. Rd2 Rc8 27. Red1
Rd8 28. Rxd3 exd3 29. Bxa7 Qc6 1/2-1/2

[Event "N�-LL 2008/09"]
[Site "?"]
[Date "2009.03.08"]
[Round "11"]
[White "Mahdy, Khaled"]
[Black "Penz, Harald"]
[Result "1-0"]
[WhiteElo "2381"]
[BlackElo "2321"]
[Annotator "Mauerbach : Krems"]
[PlyCount "91"]
[EventDate "2009.03.10"]
[SourceDate "2009.03.10"]

1. e4 e5 2. Nf3 Nf6 3. Nxe5 d6 4. Nc4 Nxe4 5. Nc3 Nxc3 6. bxc3 Be7 7. d4 O-O 8.
Bd3 Bf6 9. O-O Nc6 10. Rb1 Ne7 11. Ne3 Rb8 12. Qf3 b6 13. Bd2 Bb7 14. Qh3 g6
15. f4 Bc8 16. f5 Bg7 17. Qg3 Nxf5 18. Bxf5 Bxf5 19. Nxf5 gxf5 20. Rxf5 f6 21.
Bh6 Qd7 22. Rbf1 Kh8 23. Bxg7+ Qxg7 24. Qh4 Rbe8 25. Rxf6 Rxf6 26. Rxf6 Re2 27.
Rf2 Re1+ 28. Rf1 Rxf1+ 29. Kxf1 Qf7+ 30. Ke1 a5 31. Kd2 Qc4 32. a3 b5 33. Qf2
Kg8 34. Qe2 Qc6 35. Qg4+ Kh8 36. Qf3 Qe8 37. Qb7 c6 38. Kc1 d5 39. Kb2 a4 40.
Qc7 Kg8 41. Qf4 Qe6 42. g4 h6 43. h4 Kh7 44. Qc7+ Kg6 45. h5+ Kg5 46. Qe5+ 1-0

[Event "N�-LL 2008/09"]
[Site "?"]
[Date "2009.03.08"]
[Round "?"]
[White "Ponjican, Erich"]
[Black "Winiwarter, Felix"]
[Result "0-1"]
[WhiteElo "2098"]
[BlackElo "2160"]
[Annotator "Mauerbach : Krems"]
[PlyCount "114"]
[EventDate "2009.03.10"]
[SourceDate "2009.03.10"]

1. e4 c5 2. Nf3 Nc6 3. d4 cxd4 4. Nxd4 Nf6 5. Nc3 e5 6. Ndb5 d6 7. Bg5 a6 8.
Na3 b5 9. Nd5 Be7 10. Bxf6 Bxf6 11. c3 Rb8 12. Nc2 O-O 13. Bd3 Kh8 14. O-O Bg5
15. Nce3 g6 16. Qe2 f5 17. exf5 gxf5 18. f4 exf4 19. Nxf4 Qe7 20. Rae1 Ne5 21.
Ned5 Qg7 22. Bc2 Qh6 23. Bb3 Bb7 24. Qd2 Rg8 25. Qd4 Rg7 26. Rxe5 dxe5 27. Qxe5
Rd8 28. Ne6 Bf6 29. Qxf5 Qd2 30. Nxg7 Bxg7 31. Bc2 Qh6 32. Nf4 Rf8 33. Qg4 Be5
34. g3 Qb6+ 35. Rf2 Bxf4 36. Qh5 Bh6 37. Qe5+ Bg7 38. Qe2 b4 39. Kf1 Rxf2+ 40.
Qxf2 Qb5+ 41. Qe2 bxc3 42. bxc3 Bxc3 43. Qd3 Kg7 44. h3 Bd5 45. a4 Qxd3+ 46.
Bxd3 a5 47. Bc2 h6 48. g4 Kf6 49. Kf2 Ke5 50. h4 Kf4 51. Bd1 Bd4+ 52. Ke1 Kg3
53. g5 Bc3+ 54. Ke2 Bg7 55. Kd3 hxg5 56. hxg5 Kf4 57. g6 Kg5 0-1

[Event "N�-LL 2008/09"]
[Site "?"]
[Date "2009.03.08"]
[Round "11"]
[White "W�ber, Friedrich"]
[Black "Descovich, Nicolai"]
[Result "1/2-1/2"]
[WhiteElo "2147"]
[BlackElo "2047"]
[Annotator "Mauerbach : Krems"]
[PlyCount "83"]
[EventDate "2009.03.10"]
[SourceDate "2009.03.10"]

1. e4 e5 2. Nf3 Nc6 3. Bc4 Nf6 4. d4 exd4 5. Ng5 d5 6. exd5 Na5 7. Qxd4 Nxc4 8.
Qxc4 h6 9. Nf3 Qxd5 10. Qe2+ Qe6 11. Nc3 Bb4 12. Bd2 Bd7 13. Ne5 O-O-O 14. Nxd7
Qxe2+ 15. Kxe2 Rhe8+ 16. Be3 Rxd7 17. Rad1 Bxc3 18. Rxd7 Kxd7 19. bxc3 Nd5 20.
c4 Nxe3 21. fxe3 f5 22. Rb1 Kc6 23. Rf1 Re5 24. a4 g5 25. Kd3 Kd6 26. Kd4 b6
27. h3 Re4+ 28. Kd3 Ke5 29. Rb1 h5 30. a5 g4 31. axb6 axb6 32. Rb5+ Ke6 33.
hxg4 Rxg4 34. c5 bxc5 35. Rxc5 Rxg2 36. Rxc7 h4 37. Rh7 Rh2 38. c4 h3 39. c5
Kd5 40. Rh5 Kxc5 41. Rxf5+ Kd6 42. Rh5 1/2-1/2

[Event "N�-LL 2008/09"]
[Site "?"]
[Date "2009.03.08"]
[Round "11"]
[White "Tatzmann, Peter"]
[Black "Polsterer, Heinz"]
[Result "0-1"]
[WhiteElo "2032"]
[BlackElo "2008"]
[Annotator "Mauerbach : Krems"]
[PlyCount "62"]
[EventDate "2009.03.10"]
[SourceDate "2009.03.10"]

1. e4 d5 2. exd5 Qxd5 3. Nc3 Qa5 4. d4 Nf6 5. Nf3 Bg4 6. h3 Bh5 7. Bd2 e6 8. g4
Bg6 9. Ne5 Bb4 10. Bg2 c6 11. a3 Bxc3 12. Bxc3 Qc7 13. Nxg6 hxg6 14. Qe2 Nd5
15. Bd2 Nd7 16. O-O-O O-O-O 17. Kb1 N7b6 18. Rhe1 Na4 19. Qc4 b5 20. Qe2 Qb7
21. Qd3 Nab6 22. Qb3 Nc4 23. Bb4 a5 24. Bc5 Ncb6 25. Qg3 b4 26. axb4 axb4 27.
Qb3 Nf4 28. Bf1 Nbd5 29. Qa4 Kd7 30. Re5 Ra8 31. Qb3 Qc7 {
Rest nicht rekonstruierbar} 0-1

[Event "N�-LL 2008/09"]
[Site "TOSHIBA"]
[Date "2009.03.08"]
[Round "11"]
[White "Trkulja, Zoran"]
[Black "Ganaus, Hannes"]
[Result "0-1"]
[WhiteElo "2190"]
[BlackElo "2293"]
[Annotator "St.P�lten : Bisamberg/Korneuburg"]
[PlyCount "88"]
[EventDate "2009.??.??"]

1. e4 c6 2. d4 d5 3. exd5 cxd5 4. c4 Nf6 5. Nc3 Nc6 6. Nf3 Be6 7. c5 a6 8. Be2
g6 9. O-O Bg7 10. h3 O-O 11. Bf4 Ne4 12. Na4 h6 13. Nb6 Ra7 14. Qa4 g5 15. Bh2
f5 16. Rac1 f4 17. Rfd1 Kh8 18. Ne1 Qe8 19. Kf1 Ng3+ 20. fxg3 fxg3+ 21. Kg1
gxh2+ 22. Kh1 h5 23. Nf3 g4 24. Ng5 Bg8 25. hxg4 hxg4 26. Bxg4 Qg6 27. Rc3 Qxg5
28. Rh3+ Bh6 29. Bf3 e6 30. Qc2 Bh7 31. Qf2 Bf5 32. Rh5 Qg6 33. Qh4 Kg7 34. Nd7
Rf7 35. Nb6 Qf6 36. Qg3+ Kh7 37. Qxh2 Rg7 38. Nc8 Ra8 39. Nd6 Rf8 40. Nxf5 exf5
41. Bxd5 Rd8 42. Bxc6 bxc6 43. Rf1 Rxd4 44. Rhxf5 Qxf5 0-1

[Event "N�-LL 2008/09"]
[Site "TOSHIBA"]
[Date "2009.03.08"]
[Round "11"]
[White "Neumeier, Klaus"]
[Black "Reinwald, Patrick"]
[Result "1/2-1/2"]
[WhiteElo "2332"]
[BlackElo "2104"]
[Annotator "St.P�lten : Bisamberg/Korneuburg"]
[PlyCount "116"]
[EventDate "2009.??.??"]

1. e4 e5 2. Nf3 Nc6 3. Bb5 Nf6 4. O-O Nxe4 5. d4 Nd6 6. Bxc6 dxc6 7. dxe5 Nf5
8. Qxd8+ Kxd8 9. Nc3 Ke8 10. Bf4 Be7 11. Ne2 Be6 12. Ned4 Nxd4 13. Nxd4 Rd8 14.
Rfd1 a6 15. Rd2 Bc5 16. Nxe6 fxe6 17. Rad1 Rxd2 18. Rxd2 Rf8 19. Bg3 Rf7 20.
Kf1 Rd7 21. Rxd7 Kxd7 22. f4 Be7 23. Bf2 g5 24. g3 gxf4 25. gxf4 Ke8 26. Ke2
Kf7 27. Kf3 Kg6 28. Ke4 h5 29. Ba7 Bh4 30. Bb8 Bd8 31. c3 c5 32. b3 c6 33. c4
Ba5 34. a3 Be1 35. Ba7 Bf2 36. Bb6 Bd4 37. a4 Bg1 38. h3 Bd4 39. b4 Bc3 40.
Bxc5 b5 41. cxb5 cxb5 42. axb5 axb5 43. f5+ exf5+ 44. Kd5 f4 45. Kc6 Bxe5 46.
Kxb5 Kf5 47. Kc4 Ke4 48. b5 Bb8 49. b6 Kf3 50. Kd3 Kg2 51. Ke4 f3 52. Kf5 Kxh3
53. Kg5 h4 54. Bf2 Bg3 55. b7 Bb8 56. Bxh4 Kg2 57. Kg4 f2 58. Bxf2 Kxf2 1/2-1/2

[Event "N�-LL 2008/09"]
[Site "TOSHIBA"]
[Date "2009.03.08"]
[Round "11"]
[White "Wetscherek, Gerhard"]
[Black "Denk, Adolf"]
[Result "0-1"]
[WhiteElo "2128"]
[BlackElo "2221"]
[Annotator "St.P�lten : Bisamberg/Korneuburg"]
[PlyCount "84"]
[EventDate "2009.??.??"]

1. e4 d6 2. d4 g6 3. f4 Bg7 4. c3 Nf6 5. Bd3 e5 6. Ne2 O-O 7. O-O Nbd7 8. Na3
b6 9. fxe5 dxe5 10. Bg5 Bb7 11. Qd2 Bxe4 12. Bc4 Qe7 13. Rae1 Rae8 14. Nb5 c6
15. Nxa7 Qd6 16. Ng3 exd4 17. Qxd4 Qc7 18. Nb5 cxb5 19. Bxb5 Nd5 20. Qa4 Nc5
21. Qd1 Re5 22. Bc1 f5 23. c4 Nb4 24. Bf4 Ncd3 25. Nxe4 Nxf4 26. Rxf4 fxe4 27.
Rfxe4 Qc5+ 28. Kh1 Rxe4 29. Rxe4 Qf5 30. Re1 Nd3 31. g4 Nf2+ 32. Kg2 Qxg4+ 33.
Qxg4 Nxg4 34. Re6 Rf6 35. Re8+ Bf8 36. h3 Nh6 37. a4 Nf5 38. Ra8 Kg7 39. a5
bxa5 40. Rxa5 Ne3+ 41. Kg3 Bd6+ 42. Kh4 Ng2+ 0-1

[Event "N�-LL 2008/09"]
[Site "TOSHIBA"]
[Date "2009.03.08"]
[Round "11"]
[White "R�hrl, Karl"]
[Black "Kadletz, Karl"]
[Result "0-1"]
[WhiteElo "2218"]
[BlackElo "2017"]
[Annotator "St.P�lten : Bisamberg/Korneuburg"]
[PlyCount "82"]
[EventDate "2009.??.??"]

1. e4 d6 2. d4 Nf6 3. Nc3 g6 4. Be2 Bg7 5. Be3 O-O 6. f4 Na6 7. g4 e5 8. dxe5
Nxg4 9. Bxg4 Qh4+ 10. Bf2 Qxg4 11. Qxg4 Bxg4 12. h3 Bh5 13. exd6 cxd6 14. Kd2
f5 15. exf5 Rxf5 16. Nge2 Bf3 17. Rhg1 Nc5 18. Rg5 Raf8 19. Rxf5 Rxf5 20. Be3
Rh5 21. Ng1 Bg2 22. Re1 Kf7 23. Re2 Bf1 24. Rh2 Bh6 25. b4 Ne6 26. Ne4 Ke7 27.
Ke1 Bc4 28. Nd2 Bxa2 29. Ne2 b5 30. Ng3 Rh4 31. Ne2 Bd5 32. Bf2 Rh5 33. Bg3 Kd7
34. Nf1 Bf3 35. Rf2 Bxe2 36. Kxe2 Nd4+ 37. Ke3 Nf5+ 38. Kf3 Rxh3 39. Kg4 Rh5
40. c3 Rh1 41. Kf3 Bg7 0-1

[Event "N�_LL 2008/09"]
[Site "?"]
[Date "2009.04.12"]
[Round "11"]
[White "Rumpl, Erwin"]
[Black "Kummer, Helmut"]
[Result "1-0"]
[WhiteElo "2271"]
[BlackElo "2370"]
[Annotator "B.V�slau/Kottingbrunn : Amstetten"]
[PlyCount "33"]
[EventDate "2008.11.10"]
[SourceDate "2009.04.12"]

1. Nf3 Nf6 2. d4 e6 3. g3 c5 4. Bg2 cxd4 5. Nxd4 d5 6. O-O Nc6 7. c4 Bc5 8.
Nxc6 bxc6 9. Nc3 O-O 10. e4 dxc4 11. Qa4 Qb6 12. Qc2 Bd4 13. Ne2 c5 14. Qxc4 e5
15. Qc2 Ba6 16. h3 Rfd8 17. Rd1 {Rest nicht lesbar} 1-0

[Event "N�_LL 2008/09"]
[Site "?"]
[Date "2009.03.08"]
[Round "11"]
[White "Wadsack, Wolfgang"]
[Black "Zojer, Thomas"]
[Result "1/2-1/2"]
[WhiteElo "2201"]
[BlackElo "2079"]
[Annotator "B.V�slau/Kottingbrunn : Amstetten"]
[PlyCount "60"]
[EventDate "2008.11.10"]
[SourceDate "2009.04.12"]

1. e4 e6 2. d4 d5 3. Nc3 Nf6 4. Bg5 Be7 5. Bxf6 Bxf6 6. e5 Be7 7. Qg4 O-O 8.
Bd3 f5 9. Qh3 c5 10. dxc5 Nc6 11. f4 Bxc5 12. O-O-O a6 13. Nge2 b5 14. g4 Rf7
15. gxf5 exf5 16. Ng3 Be3+ 17. Kb1 Bxf4 18. Nxf5 g6 19. Nh6+ Bxh6 20. Qxh6 Nxe5
21. Be4 Bb7 22. Bxd5 Bxd5 23. Rxd5 Qc7 24. Rhd1 Rc8 25. Qh4 Nc4 26. Rd8+ Rxd8
27. Rxd8+ Kg7 28. Qd4+ Kh6 29. Qh4+ Kg7 30. Qd4+ Kh6 1/2-1/2

[Event "N�_LL 2008/09"]
[Site "?"]
[Date "2009.03.08"]
[Round "11"]
[White "Zojer, Stefan"]
[Black "Bachmayer, Josef"]
[Result "1-0"]
[WhiteElo "2044"]
[BlackElo "2062"]
[Annotator "B.V�slau/Kottingbrunn : Amstetten"]
[PlyCount "53"]
[EventDate "2008.11.10"]
[SourceDate "2009.04.12"]

1. e4 g6 2. d4 Bg7 3. Nc3 c6 4. Be3 d5 5. f3 e6 6. Qd2 b5 7. h4 a5 8. h5 Ba6 9.
h6 Bf8 10. e5 b4 11. Nce2 Nd7 12. Nh3 Qc7 13. Ng5 Rc8 14. Nf4 Bxf1 15. Ngxe6
fxe6 16. Nxe6 Qa7 17. Bg5 Nxe5 18. Rxf1 Nc4 19. Qe2 Kf7 20. O-O-O Bxh6 21. f4
Bg7 22. f5 Bf6 23. Rde1 h6 24. fxg6+ Kxg6 25. Nf4+ Kg7 26. Nh5+ Kg6 27. Bxf6
1-0

[Event "N�-LL 2008/09"]
[Site "?"]
[Date "2009.04.12"]
[Round "11"]
[White "Hansen, Kay"]
[Black "Schroll, Gerhard"]
[Result "1/2-1/2"]
[WhiteElo "2211"]
[BlackElo "2395"]
[Annotator "Wr.Neustadt - Niederabsdorf"]
[PlyCount "59"]
[EventDate "2009.04.13"]
[SourceDate "2009.04.13"]

1. d4 e6 2. Nf3 f5 3. g3 Nf6 4. Bg2 Be7 5. Nbd2 O-O 6. c4 Ne4 7. Qc2 d5 8. Ne5
c6 9. O-O Nd7 10. Nxd7 Bxd7 11. Nxe4 fxe4 12. Be3 Be8 13. Bh3 Qd7 14. Rac1 Bd8
15. Bf4 Bg6 16. cxd5 cxd5 17. Qb3 Bb6 18. Be5 Rfc8 19. Qb4 Bf5 20. Bg2 Bd8 21.
f3 exf3 22. Bxf3 Bg5 23. Rxc8+ Rxc8 24. Kg2 Rc4 25. Qa3 a6 26. h4 Be7 27. Qe3
h6 28. g4 Bg6 29. Kh3 Bd6 30. Bxd6 1/2-1/2

[Event "N�-LL 2008/09"]
[Site "?"]
[Date "2009.04.12"]
[Round "11"]
[White "Volkmann, Karl"]
[Black "Kleiser, Gregor"]
[Result "0-1"]
[WhiteElo "2419"]
[BlackElo "2285"]
[Annotator "Wr.Neustadt - Niederabsdorf"]
[PlyCount "112"]
[EventDate "2009.04.13"]
[SourceDate "2009.04.13"]

1. e4 c5 2. Nf3 d6 3. d4 cxd4 4. Nxd4 Nf6 5. Nc3 a6 6. Be2 e5 7. Nb3 Be7 8. O-O
O-O 9. Kh1 Be6 10. f4 Qc7 11. f5 Bc4 12. g4 d5 13. g5 Nxe4 14. Nxe4 dxe4 15. f6
Bb4 16. Bxc4 Qxc4 17. Be3 Nc6 18. c3 Rfd8 19. Qg4 Bf8 20. fxg7 Bxg7 21. Nd2
Rxd2 22. Bxd2 Rd8 23. Rf2 Ne7 24. a3 Rd3 25. Re1 Qd5 26. Qg2 Ng6 27. c4 Qxc4
28. Qxe4 Qb5 29. Bc3 Rd8 30. a4 Qb3 31. Rf3 Rd1 32. Rff1 Rxe1 33. Rxe1 Nf4 34.
a5 Ne6 35. h4 Nc5 36. Qf3 Qc4 37. Qh3 Nd3 38. Rf1 Nf4 39. Qf3 Ne2 40. Rf2 Nxc3
41. Qxc3 Qxh4+ 42. Kg1 Qg4+ 43. Kh2 e4 44. Qg3 Qd7 45. Qf4 Qd5 46. Rd2 Qxa5 47.
Kh3 Bxb2 48. Rd7 Qc3+ 49. Kg4 Qc4 50. Qb8+ Kg7 51. Rd8 Qe6+ 52. Kh4 h6 53.
gxh6+ Kh7 54. Qg3 Bf6+ 55. Kh5 Qf5+ 56. Qg5 Qxg5# 0-1

[Event "N�-LL 2008/09"]
[Site "?"]
[Date "2009.04.12"]
[Round "11"]
[White "Schwarhofer, Christopher"]
[Black "Wiedner, Robert"]
[Result "0-1"]
[WhiteElo "2189"]
[BlackElo "2179"]
[Annotator "Wr.Neustadt - Niederabsdorf"]
[PlyCount "84"]
[EventDate "2009.04.13"]
[SourceDate "2009.04.13"]

1. e4 c5 2. Nf3 d6 3. d4 cxd4 4. Nxd4 Nf6 5. Nc3 a6 6. Be3 Qc7 7. Qd2 Nbd7 8.
f3 b5 9. g4 h6 10. h4 Ne5 11. O-O-O Bb7 12. Rg1 Nfd7 13. g5 hxg5 14. hxg5 g6
15. f4 Nc4 16. Bxc4 Qxc4 17. b3 Qc7 18. Nd5 Bxd5 19. exd5 Bg7 20. Nc6 Nb8 21.
Bd4 Bxd4 22. Nxd4 Nd7 23. Rde1 Nb6 24. Nc6 e6 25. Qc3 (25. Nd4) 25... Rh2 26.
dxe6 Nd5 27. exf7+ (27. Qg7) 27... Kxf7 28. Qg3 Rah8 29. Nd4 Qc5 30. Re2 Rxe2 (
30... Qxd4 31. Rxh2 Qa1+ 32. Kd2 Qc3+) 31. Nxe2 Ne3 (31... Re8) 32. c3 b4 33.
Kb2 (33. Qf3) 33... bxc3+ 34. Nxc3 Qd4 35. Rg2 Rc8 36. Rc2 Nd1+ 37. Kc1 Nxc3
38. Qg4 Nxa2+ 39. Kb1 Nc3+ 40. Kc1 Qe3+ 41. Kb2 Na4+ 42. bxa4 Rb8+ 0-1

[Event "N�-LL 2008/09"]
[Site "?"]
[Date "2009.04.12"]
[Round "11"]
[White "Todor, Razvan"]
[Black "Poetz, Florian"]
[Result "0-1"]
[WhiteElo "2181"]
[BlackElo "2173"]
[Annotator "Wr.Neustadt - Niederabsdorf"]
[PlyCount "138"]
[EventDate "2009.??.??"]

1. e4 c5 2. Nf3 e6 3. c3 d5 4. exd5 Qxd5 5. d4 Nf6 6. Be2 Be7 7. O-O O-O 8. Ne5
cxd4 9. cxd4 Rd8 10. Be3 Nc6 11. Nc3 Qa5 12. Nxc6 bxc6 13. Qa4 Qc7 14. Rac1 Qb7
15. Rc2 a5 16. Bf3 Nd5 17. Ne4 Qb4 18. Qxb4 axb4 19. b3 Ba6 20. Rfc1 Bb5 21.
Bd2 Ra7 22. Nc5 Rda8 23. Na4 h6 24. g3 Bxa4 25. bxa4 Rxa4 26. Rxc6 Rxa2 27.
Rc8+ Rxc8 28. Rxc8+ Kh7 29. Be4+ g6 30. Bxd5 exd5 31. Rc7 Rxd2 32. Rxe7 Kg7 33.
Rb7 Rxd4 34. Kg2 Kf6 35. Kf3 Ke6 36. Ke3 Rc4 37. Rb6+ Kf5 38. Rb5 Ke5 39. Rb6
Rc3+ 40. Kd2 Rb3 41. Rb7 f5 42. Rb6 Kd4 43. Rxg6 Rb2+ 44. Kc1 Rxf2 45. Rxh6 b3
46. Rb6 Kc3 47. Rc6+ Kd3 48. Rb6 b2+ 49. Kb1 Rxh2 50. Rf6 Ke4 51. Re6+ Kd4 52.
Rf6 Ke5 53. Rf8 Rf2 54. g4 f4 55. g5 Rg2 56. g6 Rxg6 57. Kxb2 Rc6 58. Re8+ Kd4
59. Rf8 Ke3 60. Re8+ Kf2 61. Rd8 Rc5 62. Kb3 f3 63. Kb4 Rc4+ 64. Kb3 Kf1 65.
Rxd5 Rc8 66. Rd1+ Ke2 67. Rd7 f2 68. Re7+ Kf1 69. Kb2 Rg8 0-1

[Event "N�_LL 2008/09"]
[Site "?"]
[Date "2009.04.26"]
[Round "11"]
[White "Neumeier, Klaus"]
[Black "Ponjican, Erich"]
[Result "1/2-1/2"]
[WhiteElo "2268"]
[BlackElo "2117"]
[Annotator "Mauerbach : St.P�lten"]
[PlyCount "28"]
[EventDate "2008.11.10"]
[SourceDate "2009.04.19"]

1. e4 Nf6 2. e5 Nd5 3. d4 d6 4. c4 Nb6 5. Nf3 Bg4 6. Be2 Nc6 7. exd6 exd6 8. d5
Bxf3 9. Bxf3 Ne5 10. Be2 Be7 11. f4 Ng6 12. O-O O-O 13. Nc3 Re8 14. Be3 Bf6
1/2-1/2

[Event "N�_LL 2008/09"]
[Site "?"]
[Date "2009.04.26"]
[Round "11"]
[White "Wagner, Stefan"]
[Black "Schmid, Thomas"]
[Result "1/2-1/2"]
[WhiteElo "2160"]
[BlackElo "2188"]
[Annotator "Zwettl : Stockerau"]
[PlyCount "27"]
[EventDate "2008.11.10"]
[SourceDate "2009.04.19"]

1. e4 c5 2. Nf3 d6 3. d4 cxd4 4. Nxd4 Nf6 5. Nc3 a6 6. f3 e6 7. Be3 b5 8. Qd2
b4 9. Na4 Nbd7 10. c4 bxc3 11. Nxc3 Bb7 12. Be2 Be7 13. O-O O-O 14. a3 1/2-1/2

[Event "N�_LL 2008/09"]
[Site "?"]
[Date "2009.04.26"]
[Round "11"]
[White "Kummer, Helmut"]
[Black "Kleiser, Gregor"]
[Result "1-0"]
[WhiteElo "2370"]
[BlackElo "2285"]
[Annotator "Niederabsdorf : Bad V�slau/Kottingbrunn"]
[PlyCount "26"]
[EventDate "2008.11.10"]
[SourceDate "2009.04.19"]

1. d4 d5 2. c4 dxc4 3. Nf3 Nf6 4. e3 e6 5. Bxc4 c5 6. Nc3 a6 7. a4 Be7 8. O-O
Nc6 9. Qe2 cxd4 10. Rd1 O-O 11. exd4 Nb4 12. Bg5 Nfd5 13. Nxd5 Nxd5 {
Rest nicht lesbar} 1-0

[Event "N�_LL 2008/09"]
[Site "?"]
[Date "2009.04.26"]
[Round "11"]
[White "Eberl, Hans-Christian"]
[Black "Reinwald, Patrich"]
[Result "1-0"]
[WhiteElo "2103"]
[BlackElo "2041"]
[Annotator "Bisamberg/Korneuburg : B�hlerwerk"]
[PlyCount "28"]
[EventDate "2008.11.10"]
[SourceDate "2009.04.19"]

1. e4 d6 2. Nc3 g6 3. d4 Bg7 4. Be3 Nf6 5. Qd2 c6 6. Bh6 O-O 7. h4 Qa5 8. f3 b5
9. Bxg7 Kxg7 10. h5 b4 11. hxg6 fxg6 12. Nd1 e5 13. Bc4 Nh5 14. Qg5 Qd8 1-0

[Event "N�_LL 2008/09"]
[Site "?"]
[Date "2009.04.26"]
[Round "11"]
[White "Bechmann, Gerhard"]
[Black "Wallner, Erich"]
[Result "1/2-1/2"]
[WhiteElo "2060"]
[BlackElo "2181"]
[Annotator "Mauerbach : St.P�lten"]
[PlyCount "50"]
[EventDate "2008.11.10"]
[SourceDate "2009.04.19"]

1. e4 c6 2. d4 d5 3. e5 Bf5 4. Bd3 Bxd3 5. Qxd3 e6 6. Ne2 Qa5+ 7. Bd2 Qb5 8.
Qxb5 cxb5 9. Nbc3 a6 10. O-O Ne7 11. a4 b4 12. Nd1 Nec6 13. Ne3 Be7 14. f4 Nd7
15. c4 dxc4 16. Nxc4 O-O 17. a5 Rad8 18. Be3 g6 19. Rad1 Ndb8 20. Rd3 Rd5 21.
Nc1 Nd7 22. Nb3 Rc8 23. Rc1 f6 24. Rdd1 Rd8 25. Rb1 Kf7 1/2-1/2